[Event "aut_ychb16 Bad Ischl"]
[Site "?"]
[Date "2007.03.31"]
[Round "1.1"]
[White "Platzgummer, Fabian"]
[Black "Oitzl, Danijel"]
[Result "1-0"]
[WhiteElo "2121"]
[BlackElo "1912"]
[PlyCount "75"]
[EventDate "2007.03.31"]

1. d4 d5 2. c4 e6 3. Nc3 Nf6 4. Nf3 Nbd7 5. Bg5 Be7 6. e3 c6 7. Qc2 b6 8. cxd5
Nxd5 9. Bxe7 Qxe7 10. Nxd5 cxd5 11. Bd3 h6 12. O-O O-O 13. Qc7 Qd8 14. Rac1 a6
15. Rc6 Qxc7 16. Rxc7 b5 17. Rfc1 Rd8 18. Kf1 Rb8 19. Ke2 Bb7 20. Kd2 Nb6 21.
b3 Rdc8 22. R1c5 Rxc7 23. Rxc7 Bc8 24. Ne5 Rb7 25. Rxb7 Bxb7 26. Kc3 Kf8 27.
Kb4 Ke7 28. Ka5 Nd7 29. Nxd7 Kxd7 30. Kb6 Bc8 31. a4 bxa4 32. bxa4 Kd6 33. Bxa6
Bxa6 34. Kxa6 Kc6 35. Ka5 g6 36. h4 h5 37. g3 f6 38. Kb4 1-0

[Event "aut_ychb16 Bad Ischl"]
[Site "?"]
[Date "2007.03.31"]
[Round "1.2"]
[White "Singer, Gerald"]
[Black "Weber, Christoph"]
[Result "0-1"]
[WhiteElo "1883"]
[BlackElo "2081"]
[PlyCount "106"]
[EventDate "2007.03.31"]

1. d4 Nf6 2. c4 e6 3. Nf3 b6 4. g3 Ba6 5. Qc2 Nc6 6. Bg2 Nb4 7. Qb3 d5 8. cxd5
Qxd5 9. Qa4+ Qb5 10. Qxb5+ Bxb5 11. Na3 Bc6 12. O-O Rd8 13. e3 Nd7 14. Bd2 Nd3
15. Bc3 Bxa3 16. bxa3 O-O 17. Rfd1 Bb5 18. Bf1 e5 19. Nxe5 N7xe5 20. dxe5 c5
21. Rab1 Ba6 22. Rd2 c4 23. Bxd3 cxd3 24. Rb4 Rc8 25. Bd4 Rc1+ 26. Kg2 Rfc8 27.
e4 Re1 28. Kf3 Rc2 29. Rb2 Bb7 30. Be3 Rc4 31. Rb4 Bxe4+ 32. Kf4 Rec1 33. Rxc4
Rxc4 34. Kg4 Kf8 35. f3 Bg6+ 36. Bf4 Ke7 37. h4 Ke6 38. Kh3 h5 39. Kg2 Ra4 40.
Kf2 Rxa3 41. Ke3 Kd5 42. Rb2 Kc4 43. e6 fxe6 44. Be5 b5 45. Bxg7 b4 46. Be5 a5
47. Bf6 Rc3 48. Bxc3 bxc3 49. Rb8 d2 50. Rc8+ Kb4 51. Ke2 Bc2 52. Rd8 Ka3 53.
g4 Kb2 0-1

[Event "aut_ychb16 Bad Ischl"]
[Site "?"]
[Date "2007.03.31"]
[Round "1.3"]
[White "Poetz, Florian"]
[Black "Spielleuthner, Simon"]
[Result "1-0"]
[WhiteElo "2061"]
[BlackElo "1742"]
[PlyCount "37"]
[EventDate "2007.03.31"]

1. e4 e5 2. Nf3 Nf6 3. Nxe5 d6 4. Nf3 Nxe4 5. d4 Qe7 6. Be2 d5 7. O-O Be6 8. c4
c6 9. c5 g6 10. Bf4 Bg7 11. Bd3 Nxc5 12. dxc5 Bxb2 13. Nbd2 Bxa1 14. Qxa1 Rg8
15. Bd6 Qd8 16. Re1 b6 17. Nd4 Qd7 18. Nxe6 fxe6 19. Qf6 1-0

[Event "aut_ychb16 Bad Ischl"]
[Site "?"]
[Date "2007.03.31"]
[Round "1.4"]
[White "Gurdet, Daniel"]
[Black "Schreiner, Peter"]
[Result "0-1"]
[WhiteElo "1730"]
[BlackElo "2057"]
[PlyCount "84"]
[EventDate "2007.03.31"]

1. e4 c5 2. c3 d5 3. exd5 Qxd5 4. d4 Nf6 5. Nf3 Bg4 6. Be2 e6 7. O-O Nc6 8. Be3
cxd4 9. cxd4 Be7 10. Nc3 Qd6 11. Qd2 O-O 12. Rfd1 Nd5 13. Nb5 Qb4 14. a3 Qxd2
15. Bxd2 Rfd8 16. h3 Bh5 17. g4 Bg6 18. Ne5 Bf6 19. Nxg6 hxg6 20. Bc1 a6 21. g5
Be7 22. Nc3 Rac8 23. Bf3 Nxc3 24. bxc3 Na5 25. Rd3 b5 26. h4 Nb3 27. Rb1 Nxc1
28. Rxc1 Bxa3 29. Ra1 Bb2 30. Rxa6 Rxc3 31. Rxc3 Bxc3 32. Ra8 Rxa8 33. Bxa8
Bxd4 34. Bc6 b4 35. Ba4 Kf8 36. Bd1 Ke7 37. Kf1 Kd6 38. Ke2 Kd5 39. Bb3+ Ke4
40. f3+ Kf4 41. Kd3 Be5 42. Bd1 Kg3 0-1

[Event "aut_ychb16 Bad Ischl"]
[Site "?"]
[Date "2007.03.31"]
[Round "1.5"]
[White "Halvax, Georg"]
[Black "Klocker, Samuel"]
[Result "1-0"]
[WhiteElo "2008"]
[BlackElo "1729"]
[PlyCount "45"]
[EventDate "2007.03.31"]

1. e4 e5 2. Nf3 Nc6 3. d4 exd4 4. Nxd4 Bc5 5. Be3 Qf6 6. c3 Nge7 7. Bc4 Ne5 8.
Be2 Qg6 9. O-O d5 10. f4 Qxe4 11. Bc1 N5c6 12. Bf3 Bxd4+ 13. Kh1 Qf5 14. cxd4
O-O 15. Nc3 Be6 16. Be3 Qf6 17. g4 Rad8 18. Qd2 Rfe8 19. Nb5 Rd7 20. f5 Bxf5
21. gxf5 Nxf5 22. Bg5 Qg6 23. Bg4 1-0

[Event "aut_ychb16 Bad Ischl"]
[Site "?"]
[Date "2007.03.31"]
[Round "1.6"]
[White "Stagl, Marco"]
[Black "Newrkla, Katharina"]
[Result "0-1"]
[WhiteElo "1724"]
[BlackElo "1998"]
[PlyCount "94"]
[EventDate "2007.03.31"]

1. d4 Nf6 2. c4 g6 3. Nc3 Bg7 4. e4 d6 5. f4 O-O 6. Nf3 c5 7. d5 b5 8. cxb5 a6
9. bxa6 Qa5 10. Bd3 Bxa6 11. O-O Nbd7 12. Qe2 Ne8 13. Re1 Nc7 14. e5 Nb6 15.
Bd2 Bxd3 16. Qxd3 Qa6 17. Qxa6 Rxa6 18. e6 Bxc3 19. exf7+ Rxf7 20. bxc3 Ncxd5
21. Ng5 Rf8 22. Ne6 Rfa8 23. Re4 Rxa2 24. Rd1 Ra1 25. Rxa1 Rxa1+ 26. Kf2 Ra2
27. Ke1 Nf6 28. Re2 Ra1+ 29. Kf2 Nc4 30. Be1 Nd5 31. Re4 Ra2+ 32. Kf3 Nd2+ 33.
Bxd2 Rxd2 34. c4 Nf6 35. Re2 Rd3+ 36. Kf2 Rc3 37. Ng5 Rxc4 38. Rxe7 Rxf4+ 39.
Ke2 Rg4 40. Ne6 Re4+ 41. Kf3 c4 42. Rg7+ Kh8 43. Re7 c3 44. g4 c2 45. g5 c1=Q
46. gxf6 Qe3+ 47. Kg2 Rg4+ 0-1

[Event "aut_ychb16 Bad Ischl"]
[Site "?"]
[Date "2007.03.31"]
[Round "1.7"]
[White "Wolfram, Kevin"]
[Black "Zwanowetz, Thomas"]
[Result "1-0"]
[WhiteElo "1974"]
[BlackElo "1716"]
[PlyCount "27"]
[EventDate "2007.03.31"]

1. e4 e5 2. Nf3 Nc6 3. Bb5 f5 4. d3 Nf6 5. O-O d6 6. Nc3 Bd7 7. Re1 Be7 8. d4
exd4 9. Nxd4 Nxd4 10. Qxd4 fxe4 11. Bxd7+ Qxd7 12. Nxe4 Qe6 13. Bg5 Qf7 14.
Nxf6+ 1-0

[Event "aut_ychb16 Bad Ischl"]
[Site "?"]
[Date "2007.03.31"]
[Round "1.8"]
[White "Mayr, Michael"]
[Black "Hartl, Daniel"]
[Result "1/2-1/2"]
[WhiteElo "1685"]
[BlackElo "1969"]
[PlyCount "113"]
[EventDate "2007.03.31"]

1. d4 d5 2. c4 c6 3. Nf3 Nf6 4. Nc3 dxc4 5. a4 Bf5 6. e3 e6 7. Bxc4 Nbd7 8. O-O
Be7 9. Re1 O-O 10. e4 Bg6 11. Nh4 Bh5 12. Nf3 Nb6 13. Be2 Qc7 14. a5 Nbd7 15.
e5 Nd5 16. Nxd5 cxd5 17. Bd2 Rfc8 18. Rc1 Qd8 19. Qa4 Bxf3 20. Bxf3 Rxc1 21.
Rxc1 Rc8 22. h3 Nb8 23. Qb5 Rxc1+ 24. Bxc1 Qc8 25. Bd2 Nc6 26. Qa4 Qc7 27. Qc2
Bd8 28. Qc5 Nxe5 29. Qxa7 Nc6 30. Qc5 Be7 31. Qb5 h6 32. Bc3 Bf6 33. Qa4 Qf4
34. a6 Nxd4 35. Bxd4 Bxd4 36. axb7 Be5 37. Qb3 Bb8 38. g3 Qd6 39. Kg2 g6 40.
Qe3 Qb4 41. Qxh6 Qxb7 42. h4 Qxb2 43. h5 Ba7 44. hxg6 Qxf2+ 45. Kh3 Qf1+ 46.
Kg4 Qc4+ 47. Kh3 Qf1+ 48. Kg4 f5+ 49. Kh4 Qc4+ 50. Kh3 Qc7 51. g7 Qxg7 52.
Qxe6+ Kh8 53. Qe8+ Kh7 54. Qh5+ Qh6 55. Qxh6+ Kxh6 56. Bxd5 Kg5 57. Be6 1/2-1/2

[Event "aut_ychb16 Bad Ischl"]
[Site "?"]
[Date "2007.03.31"]
[Round "1.9"]
[White "Binder, Michael"]
[Black "Peschek, Marcel"]
[Result "1-0"]
[WhiteElo "1922"]
[BlackElo "1620"]
[PlyCount "111"]
[EventDate "2007.03.31"]

1. e4 c5 2. Nf3 Nc6 3. d4 cxd4 4. Nxd4 Nf6 5. Nc3 d6 6. Bg5 g6 7. Bxf6 exf6 8.
Qd2 Nxd4 9. Qxd4 Bg7 10. Bb5+ Bd7 11. Qxd6 Bxb5 12. Qxd8+ Rxd8 13. Nxb5 O-O 14.
Rd1 a6 15. Nc3 Rfe8 16. Rxd8 Rxd8 17. Ke2 Kf8 18. Rd1 Rxd1 19. Nxd1 Ke8 20. Kd3
Kd7 21. b3 Bf8 22. Kc4 Kc6 23. Ne3 Bc5 24. Kd3 h6 25. f3 Bd6 26. h3 Be5 27. Ng4
h5 28. Nxe5+ fxe5 29. g4 hxg4 30. hxg4 g5 31. a4 Kc5 32. c3 a5 33. Kc2 b5 34.
axb5 Kxb5 35. Kb2 Kc5 36. Ka3 Kb5 37. c4+ Kc5 38. Ka4 Kd4 39. Kxa5 Ke3 40. c5
Kxf3 41. c6 Kxg4 42. c7 Kf4 43. c8=Q Kxe4 44. Qg4+ Kd3 45. Qf5+ e4 46. Qxg5 e3
47. Qf5+ Kc3 48. Qxf7 e2 49. Qc4+ Kd2 50. Qxe2+ Kc3 51. Qc4+ Kb2 52. b4 Ka1 53.
Qe2 Kb1 54. Ka4 Kc1 55. Kb3 Kb1 56. Qd1# 1-0

[Event "aut_ychb16 Bad Ischl"]
[Site "?"]
[Date "2007.03.31"]
[Round "2.1"]
[White "Halvax, Georg"]
[Black "Platzgummer, Fabian"]
[Result "1-0"]
[WhiteElo "2008"]
[BlackElo "2121"]
[PlyCount "79"]
[EventDate "2007.03.31"]

1. e4 c5 2. Nf3 d6 3. d4 cxd4 4. Nxd4 Nf6 5. Nc3 a6 6. Be3 e5 7. Nb3 Be6 8. f3
h5 9. Qd2 Be7 10. O-O-O Nbd7 11. Qf2 b5 12. Kb1 Rb8 13. h3 h4 14. Be2 Qc7 15.
Bd3 b4 16. Ne2 a5 17. f4 a4 18. Nd2 exf4 19. Nxf4 Ne5 20. Bd4 Nfd7 21. Nf3 Bf6
22. g4 Nxf3 23. Bxf6 Nxf6 24. Nxe6 fxe6 25. Qxf3 Nd7 26. Rhf1 Ne5 27. Qe3 Qe7
28. Qd4 Qc7 29. Be2 Ke7 30. Qd2 Nf7 31. Qf4 Rhf8 32. g5 Rbc8 33. Rc1 Ne5 34.
Qxh4 Rxf1 35. Bxf1 b3 36. g6+ Kd7 37. Bb5+ Nc6 38. cxb3 Qb6 39. bxa4 Qd4 40.
Qf4 1-0

[Event "aut_ychb16 Bad Ischl"]
[Site "?"]
[Date "2007.03.31"]
[Round "2.2"]
[White "Weber, Christoph"]
[Black "Wolfram, Kevin"]
[Result "0-1"]
[WhiteElo "2081"]
[BlackElo "1974"]
[PlyCount "85"]
[EventDate "2007.03.31"]

1. e4 c5 2. Nf3 Nc6 3. d4 cxd4 4. Nxd4 g6 5. c4 Nf6 6. Nc3 Bg7 7. Be3 O-O 8.
Be2 d6 9. O-O Bd7 10. b3 Nxd4 11. Bxd4 Bc6 12. Bf3 a5 13. Rc1 Nd7 14. Bxg7 Kxg7
15. Qd4+ Kg8 16. Nd5 Nc5 17. Rfe1 e5 18. Qd2 Bxd5 19. Qxd5 Qe7 20. Red1 Rfd8
21. Bg4 Qg5 22. Bf3 h5 23. Rc3 Qe7 24. g3 Ne6 25. Bg2 Nd4 26. Rcd3 Rdc8 27.
Rxd4 exd4 28. Qxd4 Rd8 29. f4 Qc7 30. Kh1 Rab8 31. Qf6 b5 32. cxb5 Rxb5 33. f5
Kh7 34. g4 hxg4 35. Rf1 gxf5 36. exf5 Rh8 37. Qh4+ Kg8 38. Qxg4+ Kf8 39. f6 Rg8
40. Qh3 Re5 41. Qh6+ Ke8 42. Rc1 Qc2 43. Rg1 0-1

[Event "aut_ychb16 Bad Ischl"]
[Site "?"]
[Date "2007.03.31"]
[Round "2.3"]
[White "Newrkla, Katharina"]
[Black "Poetz, Florian"]
[Result "0-1"]
[WhiteElo "1998"]
[BlackElo "2061"]
[PlyCount "88"]
[EventDate "2007.03.31"]

1. e4 c5 2. Nf3 a6 3. c3 d5 4. exd5 Qxd5 5. d4 Nf6 6. Be2 e6 7. O-O cxd4 8.
cxd4 Nc6 9. Nc3 Qd8 10. Be3 Be7 11. a3 O-O 12. Bc4 b5 13. Ba2 b4 14. axb4 Nxb4
15. Ne5 Nxa2 16. Rxa2 Bb7 17. Qe2 Nd5 18. Raa1 Nxe3 19. fxe3 Bd6 20. Qh5 f6 21.
Nc4 Bc7 22. Rad1 Rc8 23. Nd2 Qe7 24. Rf2 Bb6 25. Nde4 Ba7 26. Qh3 Rfd8 27. Qg3
Kh8 28. Rfd2 Rc4 29. Nf2 Bb6 30. Rc2 Rdc8 31. Rcc1 Kg8 32. Nd3 Qd7 33. Nf4 Kh8
34. Qh3 Re8 35. Kh1 Qf7 36. Rf1 e5 37. dxe5 Rxe5 38. Rfe1 Rc8 39. Nd3 Rg5 40.
e4 Re8 41. Nf4 Rge5 42. Nd3 Rh5 43. Qg4 Rg5 44. Qh3 Bc7 0-1

[Event "aut_ychb16 Bad Ischl"]
[Site "?"]
[Date "2007.03.31"]
[Round "2.4"]
[White "Schreiner, Peter"]
[Black "Binder, Michael"]
[Result "1/2-1/2"]
[WhiteElo "2057"]
[BlackElo "1922"]
[PlyCount "119"]
[EventDate "2007.03.31"]

1. e4 c5 2. c3 d5 3. exd5 Qxd5 4. d4 Nc6 5. Be3 cxd4 6. cxd4 e5 7. Nc3 Bb4 8.
dxe5 Qxe5 9. Rc1 Nf6 10. Nf3 Qe7 11. Bb5 Ng4 12. O-O Nxe3 13. Qa4 Bxc3 14. bxc3
Nxf1 15. Bxc6+ Kf8 16. Bb5 Nxh2 17. Kxh2 Be6 18. Re1 h5 19. Nd4 Rh6 20. Kg1 Qd6
21. Rd1 Qc5 22. Rd3 Rg6 23. Re3 Bd5 24. Bf1 Bc6 25. Nxc6 Qxc6 26. Qh4 Qc5 27.
Be2 Rg5 28. Qe4 Rg6 29. Qxb7 Re8 30. Rxe8+ Kxe8 31. Bb5+ Kf8 32. Qd7 Kg8 33.
Qd8+ Qf8 34. Qd4 Qa8 35. Bf1 Qb7 36. g3 Qe7 37. Bd3 Rd6 38. Qc4 g6 39. Bc2 Kg7
40. Bb3 Rf6 41. Qd4 a6 42. Bd5 Qc7 43. c4 Qe7 44. c5 Kh7 45. Be4 Re6 46. Bf3
Qc7 47. c6 Rxc6 48. Bxc6 Qxc6 49. a4 Kg8 50. Qd8+ Kg7 51. Qd4+ Kh7 52. Qf4 Qe6
53. Qd4 g5 54. Kg2 Kg6 55. Qd3+ Kf6 56. Qd4+ Kf5 57. Qc5+ Kg6 58. Qd4 f5 59.
Kh2 g4 60. Qd8 1/2-1/2

[Event "aut_ychb16 Bad Ischl"]
[Site "?"]
[Date "2007.03.31"]
[Round "2.5"]
[White "Hartl, Daniel"]
[Black "Oitzl, Danijel"]
[Result "1/2-1/2"]
[WhiteElo "1969"]
[BlackElo "1912"]
[PlyCount "56"]
[EventDate "2007.03.31"]

1. e4 e6 2. d4 d5 3. Nc3 Nf6 4. e5 Nfd7 5. f4 c5 6. Nf3 Nc6 7. Be3 a6 8. Be2 b5
9. O-O cxd4 10. Nxd4 Nxd4 11. Bxd4 Nc5 12. Bg4 g6 13. b4 Ne4 14. Nxe4 dxe4 15.
c3 Bb7 16. a4 a5 17. axb5 axb4 18. c4 Rxa1 19. Qxa1 Qc7 20. b6 Qc6 21. Qa7 Be7
22. Qb8+ Bd8 23. c5 O-O 24. Qd6 Qb5 25. g3 Re8 26. Rc1 b3 27. Bb2 Be7 28. Qd4
Rc8 1/2-1/2

[Event "aut_ychb16 Bad Ischl"]
[Site "?"]
[Date "2007.03.31"]
[Round "2.6"]
[White "Spielleuthner, Simon"]
[Black "Mayr, Michael"]
[Result "1-0"]
[WhiteElo "1742"]
[BlackElo "1685"]
[PlyCount "95"]
[EventDate "2007.03.31"]

1. e4 c5 2. d4 cxd4 3. c3 d3 4. Nf3 d6 5. Bxd3 g6 6. O-O Bg7 7. h3 Nc6 8. Bf4
Nf6 9. Nbd2 O-O 10. Nb3 a6 11. Qd2 Re8 12. Rfe1 b5 13. Bh6 Bh8 14. Rad1 Bb7 15.
Bc2 Na5 16. Nxa5 Qxa5 17. a3 Nd7 18. Bb3 Qb6 19. Ng5 Ne5 20. Qf4 Bf6 21. Re3
Nc4 22. Rf3 Ne5 23. Re3 Bxg5 24. Bxg5 Nc4 25. Bh6 f6 26. Rf3 Kh8 27. Qh4 Rf8
28. Bxf8 Rxf8 29. Bxc4 bxc4 30. Rd2 g5 31. Qg4 Bc8 32. Qg3 Bd7 33. Re3 Rb8 34.
Re1 a5 35. Qe3 Qc7 36. Kh1 e5 37. Qf3 Kg7 38. Qd1 Rb6 39. Re3 Qb8 40. Qe2 Be6
41. g4 Kg8 42. h4 Bf7 43. hxg5 fxg5 44. Rh3 Qc8 45. f3 Kh8 46. Rh6 Qb8 47. Qh2
Bg8 48. Rhxd6 1-0

[Event "aut_ychb16 Bad Ischl"]
[Site "?"]
[Date "2007.03.31"]
[Round "2.7"]
[White "Zwanowetz, Thomas"]
[Black "Singer, Gerald"]
[Result "1-0"]
[WhiteElo "1716"]
[BlackElo "1883"]
[PlyCount "83"]
[EventDate "2007.03.31"]

1. e4 e6 2. d4 d5 3. Nc3 Bb4 4. e5 c5 5. a3 Bxc3+ 6. bxc3 Qc7 7. f4 cxd4 8.
Qxd4 Ne7 9. Bd2 Nbc6 10. Qf2 b6 11. Nf3 O-O 12. Bd3 h6 13. O-O Na5 14. Nd4 Bd7
15. Qg3 Kh8 16. Qh4 Nf5 17. Qh3 Nc4 18. Bc1 Qc5 19. Bxf5 exf5 20. Kh1 Qc8 21.
Qf3 Be6 22. h3 Qd7 23. Rg1 Rac8 24. g4 g6 25. Qg3 Kh7 26. Qh4 Na5 27. Bd2 Nc6
28. Nf3 d4 29. Rad1 Bd5 30. Qg3 fxg4 31. hxg4 Qb7 32. Kh2 dxc3 33. Bxc3 Ne7 34.
Nd4 Bf3 35. Rd3 Be4 36. Rd2 a6 37. f5 Nc6 38. fxg6+ Bxg6 39. Nf5 Qc7 40. Qe3
Bxf5 41. gxf5 f6 42. Rg6 1-0

[Event "aut_ychb16 Bad Ischl"]
[Site "?"]
[Date "2007.03.31"]
[Round "2.8"]
[White "Peschek, Marcel"]
[Black "Gurdet, Daniel"]
[Result "1/2-1/2"]
[WhiteElo "1620"]
[BlackElo "1730"]
[PlyCount "95"]
[EventDate "2007.03.31"]

1. e4 e6 2. d4 d5 3. exd5 exd5 4. Bf4 Nc6 5. c3 Nf6 6. Nd2 Bf5 7. Be2 Qd7 8.
Ngf3 O-O-O 9. O-O Be7 10. Bb5 Bd6 11. Be5 a6 12. Bxd6 Qxd6 13. Be2 Rde8 14. Re1
h5 15. b4 Ng4 16. a4 Be4 17. b5 Nb8 18. Nf1 h4 19. N3d2 Nf6 20. Nxe4 Nxe4 21.
Qb3 f5 22. Rab1 a5 23. Bd3 h3 24. g3 f4 25. Bxe4 dxe4 26. Qc2 Qd5 27. gxf4 Rhf8
28. Ne3 Qf7 29. Qe2 Qxf4 30. Qg4+ Qxg4+ 31. Nxg4 Nd7 32. Re3 Rf3 33. Rbe1 Rf4
34. Rg3 Nb6 35. Ne3 Nxa4 36. Nd1 Nb6 37. Rxg7 Nc4 38. Rg3 Rh8 39. Ne3 Nd2 40.
Re2 Nf3+ 41. Kh1 b6 42. Nd5 Rfh4 43. Ne7+ Kd7 44. Ng6 R8h7 45. Nxh4 Rxh4 46.
Rg7+ Kd6 47. Rg3 Kd5 48. Rg7 1/2-1/2

[Event "aut_ychb16 Bad Ischl"]
[Site "?"]
[Date "2007.03.31"]
[Round "2.9"]
[White "Klocker, Samuel"]
[Black "Stagl, Marco"]
[Result "1-0"]
[WhiteElo "1729"]
[BlackElo "1724"]
[PlyCount "69"]
[EventDate "2007.03.31"]

1. e4 d5 2. exd5 Qxd5 3. Nc3 Qa5 4. Nf3 c6 5. d4 Bf5 6. Bd3 Bxd3 7. Qxd3 e6 8.
Bf4 Nf6 9. O-O Nbd7 10. Rfe1 Bb4 11. Bd2 O-O-O 12. Ng5 Rdf8 13. a3 Bxc3 14.
bxc3 h6 15. c4 Qc7 16. Ne4 g5 17. Bb4 Rfg8 18. Nd6+ Kb8 19. Nxf7 Nc5 20. Qg3
Qxg3 21. hxg3 Rh7 22. Bxc5 Rxf7 23. Rxe6 Ng4 24. f3 Nf6 25. Bd6+ Kc8 26. Rae1
Kd7 27. Re7+ Rxe7 28. Bxe7 Re8 29. Bb4 Rxe1+ 30. Bxe1 Ne8 31. Bb4 Ke6 32. g4
Kf7 33. Kf2 Nc7 34. Ke3 Ne6 35. g3 1-0

[Event "aut_ychb16 Bad Ischl"]
[Site "?"]
[Date "2007.04.01"]
[Round "3.1"]
[White "Poetz, Florian"]
[Black "Halvax, Georg"]
[Result "1-0"]
[WhiteElo "2061"]
[BlackElo "2008"]
[PlyCount "45"]
[EventDate "2007.03.31"]

1. e4 c5 2. Nf3 Nc6 3. d4 cxd4 4. Nxd4 Nf6 5. Nc3 e5 6. Ndb5 d6 7. Bg5 a6 8.
Na3 b5 9. Nd5 Qa5+ 10. Bd2 Qd8 11. Bg5 Qa5+ 12. Bd2 Qd8 13. Bd3 Nxd5 14. exd5
Ne7 15. c4 Bb7 16. cxb5 Bxd5 17. O-O Bb7 18. bxa6 Bc6 19. b4 Nc8 20. b5 Bd5 21.
Bc4 Bxc4 22. Nxc4 Nb6 23. Ba5 1-0

[Event "aut_ychb16 Bad Ischl"]
[Site "?"]
[Date "2007.04.01"]
[Round "3.2"]
[White "Wolfram, Kevin"]
[Black "Schreiner, Peter"]
[Result "0-1"]
[WhiteElo "1974"]
[BlackElo "2057"]
[PlyCount "88"]
[EventDate "2007.03.31"]

1. e4 c5 2. Nf3 d6 3. Bb5+ Nd7 4. d4 cxd4 5. Qxd4 e5 6. Qd1 Ngf6 7. Nc3 h6 8.
O-O Be7 9. h3 O-O 10. Bxd7 Bxd7 11. Qe2 Be6 12. Rd1 Qc7 13. Nd5 Bxd5 14. exd5
Rac8 15. c3 Qa5 16. c4 a6 17. a4 Qb4 18. Nd2 b5 19. axb5 axb5 20. Ra7 Rfe8 21.
Rb7 Rb8 22. Rxb8 Rxb8 23. b3 Bf8 24. Qf3 Ra8 25. Bb2 Rb8 26. Bc3 Qc5 27. Re1
bxc4 28. bxc4 Be7 29. Ra1 Rc8 30. Kh2 Bd8 31. Ra6 Bb6 32. Kg1 e4 33. Qg3 Nh5
34. Qh4 e3 35. Ne4 exf2+ 36. Qxf2 Qxc4 37. Rxb6 Qxe4 38. Qd2 Nf4 39. Rc6 Rb8
40. Rxd6 Ne2+ 41. Kh2 Rb1 42. Rd8+ Kh7 43. Rc8 Rg1 44. Rh8+ Kg6 0-1

[Event "aut_ychb16 Bad Ischl"]
[Site "?"]
[Date "2007.04.01"]
[Round "3.3"]
[White "Binder, Michael"]
[Black "Weber, Christoph"]
[Result "1/2-1/2"]
[WhiteElo "1922"]
[BlackElo "2081"]
[PlyCount "92"]
[EventDate "2007.03.31"]

1. e4 c5 2. Nf3 d6 3. d4 cxd4 4. Nxd4 Nf6 5. Nc3 g6 6. Be3 Bg7 7. f3 Nc6 8. Qd2
O-O 9. O-O-O d5 10. exd5 Nxd5 11. Nxc6 bxc6 12. Nxd5 cxd5 13. Qxd5 Qc7 14. Qxa8
Bf5 15. Qxf8+ Kxf8 16. Rd2 h5 17. Be2 Kg8 18. Rhd1 Qb7 19. c3 Kh7 20. Bd3 Be6
21. Bb1 Qa6 22. f4 Bxa2 23. Bxa2 Qxa2 24. Kc2 Qa4+ 25. Kc1 Qe4 26. Re2 a5 27.
Kd2 a4 28. Ke1 Qf5 29. Kf1 a3 30. bxa3 Bxc3 31. Kg1 Qe6 32. Rf1 Qa6 33. Ref2
Qxa3 34. Rf3 e6 35. Kh1 Qd6 36. Bc1 Bf6 37. R3f2 h4 38. Bb2 Bxb2 39. Rxb2 h3
40. Rbf2 Kg7 41. gxh3 Kf6 42. Kg2 Qd5+ 43. Kg3 Kf5 44. Rf3 f6 45. R3f2 Qd6 46.
Kg2 Qd5+ 1/2-1/2

[Event "aut_ychb16 Bad Ischl"]
[Site "?"]
[Date "2007.04.01"]
[Round "3.4"]
[White "Platzgummer, Fabian"]
[Black "Spielleuthner, Simon"]
[Result "1-0"]
[WhiteElo "2121"]
[BlackElo "1742"]
[PlyCount "59"]
[EventDate "2007.03.31"]

1. d4 d5 2. c4 c6 3. Nc3 Nf6 4. Nf3 e6 5. Bg5 h6 6. Bxf6 Qxf6 7. e3 Nd7 8. Bd3
dxc4 9. Bxc4 Nb6 10. Bd3 Bd7 11. O-O Qd8 12. Rc1 Bd6 13. Ne4 Qc7 14. Nxd6+ Qxd6
15. Ne5 O-O 16. Bb1 Rad8 17. Qc2 f5 18. f4 Nd5 19. Rf3 Nf6 20. Qb3 Ne4 21. Bxe4
fxe4 22. Rg3 Bc8 23. Qc2 Qd5 24. Qd1 Rd7 25. Nxd7 Bxd7 26. b3 Kh8 27. Qg4 Rf7
28. Rc5 Qd6 29. Qg6 Qf8 30. Qxe4 1-0

[Event "aut_ychb16 Bad Ischl"]
[Site "?"]
[Date "2007.04.01"]
[Round "3.5"]
[White "Klocker, Samuel"]
[Black "Newrkla, Katharina"]
[Result "1/2-1/2"]
[WhiteElo "1729"]
[BlackElo "1998"]
[PlyCount "61"]
[EventDate "2007.03.31"]

1. e4 c5 2. Nf3 d6 3. d4 cxd4 4. Nxd4 Nf6 5. Nc3 g6 6. Be3 Bg7 7. f3 O-O 8. Bc4
Nc6 9. Qd2 Nd7 10. h4 Nb6 11. Bb3 Na5 12. Qd3 Nxb3 13. axb3 f5 14. h5 f4 15.
Bf2 g5 16. Nf5 Bf6 17. e5 Bxe5 18. Bxb6 Qxb6 19. Nd5 Qd8 20. Nfxe7+ Kg7 21. Ng6
Bf5 22. Nxf8 Qxf8 23. Qb5 Qf7 24. O-O-O Rc8 25. h6+ Kh8 26. Nc3 a6 27. Qb6 Bg6
28. Rhe1 Qf5 29. Rd2 Qf8 30. Qa5 Qxh6 31. Rxe5 1/2-1/2

[Event "aut_ychb16 Bad Ischl"]
[Site "?"]
[Date "2007.04.01"]
[Round "3.6"]
[White "Zwanowetz, Thomas"]
[Black "Hartl, Daniel"]
[Result "1/2-1/2"]
[WhiteElo "1716"]
[BlackElo "1969"]
[PlyCount "176"]
[EventDate "2007.03.31"]

1. e4 Nf6 2. e5 Nd5 3. d4 d6 4. c4 Nb6 5. f4 dxe5 6. fxe5 Nc6 7. Be3 Bf5 8. Be2
e6 9. Nf3 Be7 10. O-O O-O 11. a3 Bg4 12. Nc3 Qd7 13. a4 a5 14. Nb5 Rad8 15. Ne1
Bxe2 16. Qxe2 f6 17. exf6 Bxf6 18. Nc2 Ne7 19. Bf4 Na8 20. Rfe1 Ng6 21. Bg3
Rfe8 22. Qf3 c6 23. Nd6 Re7 24. c5 b6 25. Qb3 bxc5 26. dxc5 Qa7 27. Rxe6 Qxc5+
28. Bf2 Qd5 29. Qxd5 cxd5 30. Rxe7 Nxe7 31. Nb5 Bxb2 32. Rd1 Rc8 33. Ne3 Nb6
34. Be1 Rc1 35. Rxc1 Bxc1 36. Nc2 Nc6 37. Ncd4 Nxd4 38. Nxd4 Nxa4 39. Nb3 Bb2
40. Bxa5 Nc3 41. Kf1 Ne4 42. Bb6 Be5 43. h3 Kf7 44. Ke2 g6 45. Ke3 Ke6 46. Nc5+
Nxc5 47. Bxc5 Kf5 48. Bb6 Kg5 49. Bd8+ Bf6 50. Ba5 h5 51. Bd2 Kf5 52. Kd3 Be5
53. Bc1 g5 54. Bd2 g4 55. Be3 Bf4 56. Bc5 Be5 57. Be3 Ke6 58. Bf2 gxh3 59. gxh3
Kf5 60. Be3 Bf6 61. Bd2 Bg5 62. Be1 Ke5 63. Bg3+ Bf4 64. Bf2 Bh2 65. Be3 Bg3
66. Bd4+ Kf5 67. Be3 Be5 68. Bd2 d4 69. Bc1 Bf4 70. Ba3 Be3 71. Bd6 Kg5 72. Bg3
Bg1 73. Ke4 Be3 74. Be1 Kf6 75. Bh4+ Ke6 76. Bg3 Bg1 77. Bc7 Be3 78. Bg3 Kf6
79. Bh4+ Bg5 80. Bxg5+ Kxg5 81. Kxd4 Kf4 82. Kd3 Kg3 83. Ke2 Kxh3 84. Kf1 Kh2
85. Kf2 h4 86. Kf1 h3 87. Kf2 Kh1 88. Kf1 h2 1/2-1/2

[Event "aut_ychb16 Bad Ischl"]
[Site "?"]
[Date "2007.04.01"]
[Round "3.7"]
[White "Oitzl, Danijel"]
[Black "Peschek, Marcel"]
[Result "1-0"]
[WhiteElo "1912"]
[BlackElo "1620"]
[PlyCount "155"]
[EventDate "2007.03.31"]

1. d4 d5 2. Nf3 e6 3. c4 c6 4. e3 Nf6 5. Nc3 Be7 6. Qc2 Nbd7 7. b3 O-O 8. Bd3
h6 9. Bb2 b6 10. O-O Bb7 11. Rfc1 Rc8 12. cxd5 cxd5 13. Qe2 Ne8 14. a4 a5 15.
Nb5 Nb8 16. Ne5 Nd6 17. Nc3 Nc6 18. Nxc6 Bxc6 19. Rc2 Qd7 20. Rac1 Bb7 21. h3
Bf6 22. Ba3 Be7 23. Nb5 Rxc2 24. Rxc2 Rc8 25. Nxd6 Rxc2 26. Bxc2 Bxd6 27. Bxd6
Qxd6 28. Qd3 g6 29. Qb5 Qc6 30. Qxc6 Bxc6 31. Bd3 Kf8 32. Kf1 Ke7 33. Ke2 Be8
34. Kd2 Kd6 35. Kc3 f6 36. Bc2 e5 37. b4 axb4+ 38. Kxb4 e4 39. a5 bxa5+ 40.
Kxa5 g5 41. Bd1 Bg6 42. Kb6 f5 43. g3 Bf7 44. h4 g4 45. Be2 Be6 46. Bb5 Bf7 47.
Kb7 h5 48. Kc8 Bg6 49. Kd8 Bf7 50. Bd7 Bg6 51. Kc8 Bh7 52. Be8 Bg8 53. Kd8 Be6
54. Bxh5 Bg8 55. Bg6 Ke6 56. Be8 Kd6 57. Bd7 Bh7 58. h5 f4 59. gxf4 g3 60. fxg3
Bg6 61. Bg4 Bh7 62. f5 Bg8 63. h6 Kc6 64. f6 Kb5 65. h7 Bxh7 66. f7 Kc4 67.
Be2+ Kc3 68. f8=Q Kd2 69. Bb5 Kxe3 70. Qh6+ Kxd4 71. Qxh7 e3 72. Qd3+ Kc5 73.
Qxe3+ Kxb5 74. Qd3+ Kc5 75. Kd7 d4 76. g4 Kb6 77. Qc4 d3 78. Qb4+ 1-0

[Event "aut_ychb16 Bad Ischl"]
[Site "?"]
[Date "2007.04.01"]
[Round "3.8"]
[White "Gurdet, Daniel"]
[Black "Mayr, Michael"]
[Result "0-1"]
[WhiteElo "1730"]
[BlackElo "1685"]
[PlyCount "46"]
[EventDate "2007.03.31"]

1. e4 c5 2. c3 d6 3. d4 Nf6 4. Bd3 Nc6 5. Nf3 Bg4 6. Be3 Bxf3 7. Qxf3 Qb6 8. b3
cxd4 9. Bd2 g6 10. Na3 Ne5 11. Bb5+ Nfd7 12. Qe2 Bg7 13. cxd4 Qxd4 14. O-O O-O
15. Nc2 Qb6 16. Be3 Qd8 17. Nd4 Nf6 18. Bf4 a6 19. Ba4 b5 20. Bxe5 dxe5 21.
Nxb5 axb5 22. Bxb5 Qb6 23. Kh1 Nxe4 0-1